LDR 01025naa#a2200181#i#450# 001 RU\\bibl\118775 005 20260417100022.5 011 ## _a1994-4683 100 ## _a20230428b2023####ek#y0rusy0150####ca 102 ## _aRU 200 1# _aПУТИ СОВЕРШЕНСТВОВАНИЯ МУЗЫКАЛЬНО-РИТМИЧЕСКОЙ ПОДГОТОВКИ ШКОЛЬНИЦ 9-10 ЛЕТ _eЖурнальная статья 210 1# _aМосква _cНациональный государственный Университет физической культуры, спорта и здоровья им. П.Ф. Лесгафта _d2023 215 ## _a2 с. 608 ## _aЖурнальная статья _2local 675 ## _aМетодика физического воспитания. Пути и средства физического воспитания. Учебные заведения физической культуры. 796.011.3 _z 700 #1 _aЧертихина _gН А 700 #1 _aЧопорова _gЕ В 856 4# _auchzapiski.lesgaft.spb.ru _u